| Tag |
First Indicator |
Second Indicator |
Subfields |
| LEADER |
00000cam a2200000 a 4500 |
| 001 |
in00000018458 |
| 005 |
20151007053240.0 |
| 008 |
870817s1988 nyua b 00110 eng |
| 010 |
|
|
|a 87023019
|
| 020 |
|
|
|a 0471859850 :
|c $30.00 (est.)
|
| 035 |
|
|
|a (OCoLC)16580204
|
| 035 |
|
|
|9 AAB0953AM
|
| 040 |
|
|
|a DLC
|c DLC
|d TXA
|d UtOrBLW
|
| 049 |
|
|
|a TXAM
|c [A11465684]
|
| 050 |
0 |
0 |
|a HD9579.C32
|b S65 1988
|
| 082 |
0 |
|
|a 338.4/7661804
|2 19
|
| 100 |
1 |
|
|a Spitz, Peter H.
|
| 245 |
1 |
0 |
|a Petrochemicals :
|b the rise of an industry /
|c Peter H. Spitz.
|
| 264 |
|
1 |
|a New York :
|b Wiley,
|c [1988]
|
| 264 |
|
4 |
|c ©1988
|
| 300 |
|
|
|a xxvii, 588 pages :
|b illustrations ;
|c 24 cm.
|
| 336 |
|
|
|a text
|b txt
|2 rdacontent
|
| 337 |
|
|
|a unmediated
|b n
|2 rdamedia
|
| 338 |
|
|
|a volume
|b nc
|2 rdacarrier
|
| 504 |
|
|
|a Includes bibliographies and indexes.
|
| 650 |
|
0 |
|a Petroleum chemicals industry
|x History.
|
| 650 |
|
0 |
|a Petroleum chemicals
|x History.
|
| 999 |
|
|
|a MARS
|
| 999 |
f |
f |
|s 29b30f00-5602-3a90-8868-6f1d7f17d107
|i a838e024-18fd-38d8-9200-3aca5e50043e
|t 0
|
| 952 |
f |
f |
|p ric
|a Texas A&M University
|b Rellis Campus
|c Joint Library Facility
|d Remote Storage
|t 0
|e HD9579.C32 S65 1988
|h Library of Congress classification
|i unmediated -- volume
|m A14811465684
|
| 998 |
f |
f |
|a HD9579.C32 S65 1988
|t 0
|l Remote Storage
|